000 00615cam a2200205 a 4500
001 000019834
005 20200929170146.0
008 930114s1994 nyu 000 1 eng
020 _a0553566032
040 _aDO-SdBNP
_beng
_cLC
_dBNPHU
082 _a813.44
_bL945s
100 1 _aLudlum, Robert,
_d1927-2001.
_910566
245 1 4 _aThe scorpio illusion /
_cRobert Ludlum.
260 _aNew York :
_bBantam Books,
_c1994.
300 _a664 p. ;
_c17 cm.
650 4 _aNovela americana
_942339
650 4 _aLiteratura americana
_99896
650 4 _aNovela estadounidense
_9262
910 _aCatalogación derivada / LC
999 _c19347
_d19347